La escuela y las representaciones de futuro de los adolescentes
En esta obra se presentan las diferentes explicaciones de los teóricos del desarrollo vocacional, sobre cómo los adolescentes forman sus proyectos profesionales futuros.
محفوظ في:
| المؤلف الرئيسي: | |
|---|---|
| التنسيق: | كتاب |
| اللغة: | Spanish |
| منشور في: |
Barcelona:
Editorial Laertes,
1995
|
| سلاسل: | Psicopedagogía ;
No. 75 |
| الموضوعات: | |
| الوصول للمادة أونلاين: | Enlace del recurso |
| الوسوم: |
إضافة وسم
لا توجد وسوم, كن أول من يضع وسما على هذه التسجيلة!
|
MARC
| LEADER | 00000nam a2200000 a 4500 | ||
|---|---|---|---|
| 001 | 001042 | ||
| 008 | 030516s1995 sp a fr# #000|0#spa#d | ||
| 020 | |a 84-7584-300-X | ||
| 041 | 0 | |a spa | |
| 043 | |a e-sp--- | ||
| 082 | 0 | 4 | |a 371.425 |b G832e |
| 100 | 1 | |a Guichard, Jean | |
| 245 | 1 | 3 | |a La escuela y las representaciones de futuro de los adolescentes |c Jean Guichard |
| 260 | |a Barcelona: |b Editorial Laertes, |c 1995 | ||
| 300 | |a 269 p.: |b il., gráf. | ||
| 440 | 0 | |a Psicopedagogía ; |v No. 75 | |
| 504 | |a Incluye bibliografía. | ||
| 520 | 3 | |a En esta obra se presentan las diferentes explicaciones de los teóricos del desarrollo vocacional, sobre cómo los adolescentes forman sus proyectos profesionales futuros. | |
| 534 | |p Título original: |t Lecole et les représentations davenir des adolescents | ||
| 650 | 1 | 4 | |a INTERÉS VOCACIONAL |
| 650 | 1 | 4 | |a ADOLESCENCIA |
| 999 | |c 3194 |d 3194 | ||
| 856 | |u https://catalogo.idep.edu.co/cgi-bin/koha/opac-detail.pl?biblionumber=3194 |z Enlace del recurso | ||